1-10 Letter V Words Quiz Stats

 Plays Quiz Updated Aug 23, 2017

Score 0/10 Timer 02:00
1 Play Today
Clue V-Word % Correct
1983 alien TV miniseries that spawned two TV seriesV
99.9%
One who doesn't eat meat or dairyvegan
96.2%
A card sent on February 14thvalentine
96.2%
Sport played on a wood or sand court with a netvolleyball
93.9%
A shot engineered to create disease immunityvaccine
92.7%
Contend or competevie
80.2%
Nullify or annul (like a check); make emptyvoid
79.2%
A toxic gaseous chemical weaponVX
69.9%
A savant or one with the highest levels of skills, often in musicvirtuoso
54.8%
Gross or lacking sophisticationvulgar
53.8%

You're not logged in!

Compare scores with friends on all Sporcle quizzes.
OR
Log In

Show Comments

Extras

Top Quizzes Today


Score Distribution

Your Account Isn't Verified!

In order to create a playlist on Sporcle, you need to verify the email address you used during registration. Go to your Sporcle Settings to finish the process.

Report this User

Report this user for behavior that violates our Community Guidelines.

Details: